Gonzalo Torrente Ballester

Uloženo v:
Podrobná bibliografie
Hlavní autor: Becerra, Carmen (Autor)
Médium: Kniha
Jazyk:španělština
Vydáno: Madrid Ministerio de Cultura 1982
Edice:España, Escribir Hoy, 12
Témata:
Tagy: Přidat tag
Žádné tagy, Buďte první, kdo vytvoří štítek k tomuto záznamu!

MARC

LEADER 00000nam a2200000 a 4500
001 UCT6677
003 CL-VaPUC
008 970113e19820000SP |||||||||||||||||spa|d
082 0 4 |a 863.09  |b BEC  |2 21 
100 0 |a Becerra, Carmen  |e author  |9 376923 
245 1 0 |a Gonzalo Torrente Ballester 
300 |a 274 p 
942 |c BK 
945 |d 19970113 00:00:00  |a rleighto 
260 |a Madrid  |b Ministerio de Cultura  |c 1982 
600 0 7 |a TORRENTE BALLESTER, GONZALO  |2 CL-VaPUC  |9 322592 
650 0 |a Literatura española  |9 306261 
650 7 |a NOVELA ESPAÑOLA  |2 CL-VaPUC  |9 313139 
650 0 |a Crítica e interpretación   |9 255042 
650 0 |a Crítica literaria   |9 269189 
583 |a last modification  |c 19970113 00:00:00  |k Rodrigo Vera 
490 0 |a España, Escribir Hoy, 12 
999 |c 255357  |d 255355 
952 |0 0  |1 0  |4 0  |6 863_090000000000000_BEC_1982  |7 0  |8 A  |9 277571  |a BIBEDU  |b BIBEDU  |d 2019-11-19  |i 3273660  |o 863.09 BEC 1982  |p 3273660  |r 2019-11-19  |w 2019-11-19  |y BK  |k LIT